[Event "AUT Bundesliga 2019-20"]
[Site "Linz"]
[Date "2019.10.10"]
[Round "1.9"]
[White "Danin, Alexandre"]
[Black "Papp, Gabor"]
[Result "1-0"]
[WhiteElo "2515"]
[BlackElo "2587"]
[Annotator "ChessBase"]
[PlyCount "171"]
[EventDate "2019.10.10"]
[EventType "team-tourn"]
[EventCountry "AUT"]
[SourceTitle "playchess.com"]
[Source "ChessBase"]
[SourceQuality "1"]
[TimeControl "40/5400+30:1800+30"]

1. e4 {[%emt 0:00:00]} c5 {[%emt 0:00:00]} 2. Nf3 {[%emt 0:00:00]} d6 {[%emt 0:00:06]} 3. d4 {[%emt 0:00:07]} cxd4 {[%emt 0:00:06]} 4. Nxd4 {[%emt 0:00:07]} Nf6 {[%emt 0:00:05]} 5. Nc3 {[%emt 0:00:25]} a6 {[%emt 0:00:08]} 6. Be2 {[%emt 0:00:53]} e5 {[%emt 0:00:54]} 7. Nb3 {[%emt 0:00:10]} Be7 {[%emt 0:01:08]} 8. Bg5 {[%emt 0:00:47]} Be6 {[%emt 0:01:29]} 9. Bxf6 {[%emt 0:00:59]} Bxf6 {[%emt 0:00:09]} 10. Qd3 {[%emt 0:00:15]} Be7 {[%emt 0:01:44]} 11. Nd5 {[%emt 0:02:14]} Nd7 {[%emt 0:02:32]} 12. Rd1 {[%emt 0:06:17]} Bxd5 {[%emt 0:01:37]} 13. Qxd5 {[%emt 0:00:10]} Qc7 {[%emt 0:00:24]} 14. Qc4 {[%emt 0:27:52]} Qxc4 {[%emt 0:06:20]} 15. Bxc4 {[%emt 0:00:04]} Rc8 {[%emt 0:00:03]} 16. Bd3 {[%emt 0:01:24]} b5 {[%emt 0:03:43]} 17. c3 {[%emt 0:04:14]} Nb6 {[%emt 0:02:09]} 18. Ke2 {[%emt 0:06:10]} Bg5 {[%emt 0:15:33]} 19. Na1 {[%emt 0:04:24]} Ke7 {[%emt 0:01:12]} 20. Nc2 {[%emt 0:02:43]} Rhd8 {[%emt 0:02:11]} 21. g3 {[%emt 0:01:35]} h5 {[%emt 0:06:17]} 22. Rb1 {[%emt 0:12:50]} d5 {[%emt 0:02:50]} 23. exd5 {[%emt 0:03:22]} Nxd5 {[%emt 0:00:45]} 24. Bf5 {[%emt 0:08:03]} Rc5 {[%emt 0:12:59]} 25. Rhd1 {[%emt 0:02:57]} g6 {[%emt 0:03:01]} 26. Be4 {[%emt 0:01:06]} f5 {[%emt 0:07:47]} 27. Bxd5 {[%emt 0:00:09]} Rcxd5 {[%emt 0:00:02]} 28. Rxd5 {[%emt 0:02:57]} Rxd5 {[%emt 0:00:06]} 29. Ne3 {[%emt 0:00:33]} Rc5 {[%emt 0:02:55]} 30. Rd1 {[%emt 0:01:03]} Ke6 {[%emt 0:00:58]} 31. Nc2 {[%emt 0:05:47]} a5 {[%emt 0:00:35]} 32. Ne1 {[%emt 0:01:12]} Rc4 {[%emt 0:05:32]} 33. Nf3 {[%emt 0:00:10]} Be7 {[%emt 0:02:40]} 34. Nd2 {[%emt 0:00:34]} Rc8 {[%emt 0:01:38]} 35. Nf3 {[%emt 0:01:49]} b4 {[%emt 0:02:31]} 36. cxb4 {[%emt 0:01:39]} axb4 {[%emt 0:00:03]} 37. Ne1 {[%emt 0:01:43]} e4 {[%emt 0:08:43]} 38. Rd2 {[%emt 0:00:21]} Rc1 {[%emt 0:02:09]} 39. Rd1 {[%emt 0:01:11]} Rc7 {[%emt 0:00:38]} 40. Rd2 {[%emt 0:00:00]} Rc1 {[%emt 0:00:00]} 41. Rd1 {[%emt 0:01:37]} Rc8 {[%emt 0:13:00]} 42. Rd2 {[%emt 0:00:58]} Ra8 {[%emt 0:04:30]} 43. b3 {[%emt 0:00:26]} h4 {[%emt 0:00:55]} 44. Nc2 {[%emt 0:08:08]} Bg5 {[%emt 0:02:00]} 45. Ne3 {[%emt 0:00:38]} h3 {[%emt 0:01:19]} 46. Rc2 {[%emt 0:01:55]} f4 {[%emt 0:01:34]} 47. gxf4 {[%emt 0:02:22]} Bxf4 {[%emt 0:00:02]} 48. Nf1 {[%emt 0:00:07]} g5 {[%emt 0:00:13]} 49. Ng3 {[%emt 0:04:38]} e3 {[%emt 0:01:04]} 50. Kf3 {[%emt 0:01:02]} exf2 {[%emt 0:00:42]} 51. Rxf2 {[%emt 0:00:19]} Rh8 {[%emt 0:04:10]} 52. Re2+ {[%emt 0:02:41]} Kd5 {[%emt 0:00:19]} 53. Nf5 {[%emt 0:01:09]} Rf8 {[%emt 0:07:19]} 54. Kg4 {[%emt 0:01:04]} Rf6 {[%emt 0:00:06]} 55. Ng3 {[%emt 0:03:39]} Kd4 {[%emt 0:00:30]} 56. Re4+ {[%emt 0:03:17]} Kc5 {[%emt 0:02:55]} 57. Nh5 {[%emt 0:02:25]} Ra6 {[%emt 0:00:42]} 58. Nxf4 {[%emt 0:01:22]} gxf4 {[%emt 0:00:04]} 59. Rc4+ {[%emt 0:00:07]} Kd5 {[%emt 0:00:28]} 60. Rxf4 {[%emt 0:00:08]} Rxa2 {[%emt 0:00:49]} 61. Kxh3 {[%emt 0:00:08]} Kc5 {[%emt 0:00:08]} 62. Kg3 {[%emt 0:00:44]} Rc2 {[%emt 0:03:47]} 63. h4 {[%emt 0:00:58]} Rc3+ {[%emt 0:00:03]} 64. Rf3 {[%emt 0:00:02]} Kd4 {[%emt 0:00:12]} 65. Kg4 {[%emt 0:00:30]} Rc8 {[%emt 0:01:19]} 66. h5 {[%emt 0:03:13]} Rg8+ {[%emt 0:00:02]} 67. Kh4 {[%emt 0:00:05]} Rh8 {[%emt 0:00:03]} 68. Rh3 {[%emt 0:00:37]} Ke5 {[%emt 0:00:40]} 69. Rg3 {[%emt 0:00:30]} Kd4 {[%emt 0:00:20]} 70. Rf3 {[%emt 0:00:18]} Ke4 {[%emt 0:00:59]} 71. Rf7 {[%emt 0:00:42]} Rc8 {[%emt 0:01:01]} 72. Rb7 {[%emt 0:00:19]} Rc1 {[%emt 0:00:18]} 73. Kg5 {[%emt 0:00:54]} Rg1+ {[%emt 0:00:32]} 74. Kh6 {[%emt 0:00:07]} Kf5 {[%emt 0:00:08]} 75. Rxb4 {[%emt 0:01:13]} Kf6 {[%emt 0:00:02]} 76. Rf4+ {[%emt 0:00:15]} Ke6 {[%emt 0:00:19]} 77. Rf3 {[%emt 0:00:13]} Rg4 {[%emt 0:00:04]} 78. Kh7 {[%emt 0:00:28]} Ke7 {[%emt 0:00:06]} 79. h6 {[%emt 0:00:22]} Ke6 {[%emt 0:00:13]} 80. Kh8 {[%emt 0:00:26]} Ke7 {[%emt 0:00:03]} 81. Rf1 {[%emt 0:00:52]} Ke8 {[%emt 0:00:09]} 82. Rf5 {[%emt 0:00:31]} Ke7 {[%emt 0:00:04]} 83. h7 {[%emt 0:00:38]} Ke8 {[%emt 0:00:13]} 84. b4 {[%emt 0:00:23]} Ke7 {[%emt 0:00:19]} 85. b5 {[%emt 0:00:09]} Rg6 {[%emt 0:00:04]} 86. b6 {[%emt 0:00:26]} 1-0

[Event "AUT Bundesliga 2019-20"]
[Site "Linz"]
[Date "2019.10.10"]
[Round "1.9"]
[White "Berchtenbreiter, Maximilian"]
[Black "Knoll, Hermann"]
[Result "1-0"]
[WhiteElo "2467"]
[BlackElo "2336"]
[Annotator "ChessBase"]
[PlyCount "95"]
[EventDate "2019.10.10"]
[EventType "team-tourn"]
[EventCountry "AUT"]
[SourceTitle "playchess.com"]
[Source "ChessBase"]
[SourceQuality "1"]
[TimeControl "40/5400+30:1800+30"]

1. e4 {[%emt 0:00:00]} e5 {[%emt 0:00:00]} 2. Nf3 {[%emt 0:00:00]} Nc6 {[%emt 0:00:14]} 3. Bc4 {[%emt 0:00:00]} Bc5 {[%emt 0:02:44]} 4. c3 {[%emt 0:00:08]} Nf6 {[%emt 0:00:59]} 5. d3 {[%emt 0:00:07]} d6 {[%emt 0:00:47]} 6. h3 {[%emt 0:04:28]} O-O {[%emt 0:00:19]} 7. Bb3 {[%emt 0:04:10]} a6 {[%emt 0:00:48]} 8. Nbd2 {[%emt 0:00:28]} Ba7 {[%emt 0:00:41]} 9. Qe2 {[%emt 0:00:40]} Ne7 {[%emt 0:00:51]} 10. Nf1 {[%emt 0:06:20]} Ng6 {[%emt 0:01:18]} 11. g3 {[%emt 0:00:37]} c6 {[%emt 0:01:01]} 12. Be3 {[%emt 0:13:20]} Bxe3 {[%emt 0:02:18]} 13. Nxe3 {[%emt 0:00:14]} a5 {[%emt 0:00:35]} 14. Bc2 {[%emt 0:11:54]} h6 {[%emt 0:01:28]} 15. h4 {[%emt 0:00:58]} Re8 {[%emt 0:00:16]} 16. h5 {[%emt 0:04:25]} Nf8 {[%emt 0:01:04]} 17. O-O-O {[%emt 0:06:16]} d5 {[%emt 0:00:37]} 18. exd5 {[%emt 0:01:07]} Nxd5 {[%emt 0:02:32]} 19. d4 {[%emt 0:01:10]} exd4 {[%emt 0:00:45]} 20. Rxd4 {[%emt 0:00:30]} Qe7 {[%emt 0:10:47]} 21. Re4 {[%emt 0:01:44]} Be6 {[%emt 0:06:37]} 22. Nxd5 {[%emt 0:03:55]} cxd5 {[%emt 0:00:02]} 23. Re3 {[%emt 0:00:11]} b5 {[%emt 0:04:12]} 24. Qxb5 {[%emt 0:00:30]} Reb8 {[%emt 0:00:11]} 25. Qd3 {[%emt 0:00:09]} Qb7 {[%emt 0:00:19]} 26. b3 {[%emt 0:00:42]} a4 {[%emt 0:00:29]} 27. Rh4 {[%emt 0:03:35]} axb3 {[%emt 0:00:22]} 28. axb3 {[%emt 0:00:07]} Qe7 {[%emt 0:02:53]} 29. Nd4 {[%emt 0:07:10]} Ra1+ {[%emt 0:00:18]} 30. Kd2 {[%emt 0:00:11]} Qa3 {[%emt 0:00:15]} 31. Ke2 {[%emt 0:01:50]} Rc8 {[%emt 0:00:53]} 32. Qd2 {[%emt 0:14:31]} Bd7 {[%emt 0:01:22]} 33. Kf3 {[%emt 0:03:34]} Ra2 {[%emt 0:02:09]} 34. Kg2 {[%emt 0:02:26]} Ne6 {[%emt 0:03:48]} 35. Nxe6 {[%emt 0:00:26]} Bxe6 {[%emt 0:00:37]} 36. Ra4 {[%emt 0:01:21]} Rxc2 {[%emt 0:02:06]} 37. Qxc2 {[%emt 0:00:05]} Qc5 {[%emt 0:00:07]} 38. Qd3 {[%emt 0:00:34]} d4 {[%emt 0:00:21]} 39. Rxd4 {[%emt 0:00:34]} Qxh5 {[%emt 0:00:50]} 40. Rd8+ {[%emt 0:00:00]} Rxd8 {[%emt 0:00:00]} 41. Qxd8+ {[%emt 0:00:07]} Kh7 {[%emt 0:00:14]} 42. c4 {[%emt 0:00:49]} Qc5 {[%emt 0:03:53]} 43. Qd3+ {[%emt 0:00:14]} Kg8 {[%emt 0:00:39]} 44. Re2 {[%emt 0:01:19]} Qb6 {[%emt 0:01:14]} 45. Kg1 {[%emt 0:00:32]} g6 {[%emt 0:00:56]} 46. Qe3 {[%emt 0:00:22]} Qd6 {[%emt 0:02:12]} 47. Rd2 {[%emt 0:00:17]} Qe7 {[%emt 0:00:47]} 48. Qxh6 {[%emt 0:04:38]} 1-0

[Event "AUT Bundesliga 2019-20"]
[Site "Linz"]
[Date "2019.10.10"]
[Round "1.10"]
[White "Antoniewski, Rafal"]
[Black "Acs, Peter"]
[Result "1/2-1/2"]
[WhiteElo "2481"]
[BlackElo "2586"]
[Annotator "ChessBase"]
[PlyCount "62"]
[EventDate "2019.10.10"]
[EventType "team-tourn"]
[EventCountry "AUT"]
[SourceTitle "playchess.com"]
[Source "ChessBase"]
[SourceQuality "1"]
[TimeControl "40/5400+30:1800+30"]

1. e4 {[%emt 0:00:29]} e5 {[%emt 0:00:00]} 2. Nf3 {[%emt 0:00:25]} Nc6 {[%emt 0:00:06]} 3. Bb5 {[%emt 0:00:31]} a6 {[%emt 0:01:00]} 4. Ba4 {[%emt 0:00:07]} Nf6 {[%emt 0:00:11]} 5. d3 {[%emt 0:01:18]} d6 {[%emt 0:06:37]} 6. c3 {[%emt 0:00:57]} g6 {[%emt 0:06:16]} 7. Bg5 {[%emt 0:02:36]} Bg7 {[%emt 0:01:59]} 8. Nbd2 {[%emt 0:00:28]} O-O {[%emt 0:02:17]} 9. Nf1 {[%emt 0:06:51]} Ne7 {[%emt 0:06:14]} 10. Ne3 {[%emt 0:01:40]} c6 {[%emt 0:01:32]} 11. O-O {[%emt 0:01:33]} Qc7 {[%emt 0:10:05]} 12. Bb3 {[%emt 0:09:57]} Kh8 {[%emt 0:08:53]} 13. Bh4 {[%emt 0:06:29]} h6 {[%emt 0:01:31]} 14. Re1 {[%emt 0:09:17]} b5 {[%emt 0:07:48]} 15. a4 {[%emt 0:15:26]} Rb8 {[%emt 0:00:24]} 16. axb5 {[%emt 0:00:10]} axb5 {[%emt 0:00:40]} 17. Qd2 {[%emt 0:13:11]} Kh7 {[%emt 0:19:05]} 18. Red1 {[%emt 0:12:19]} Be6 {[%emt 0:04:31]} 19. Bxe6 {[%emt 0:02:20]} fxe6 {[%emt 0:00:06]} 20. Bxf6 {[%emt 0:01:20]} Rxf6 {[%emt 0:01:37]} 21. d4 {[%emt 0:01:16]} exd4 {[%emt 0:02:36]} 22. Nxd4 {[%emt 0:00:09]} Qd7 {[%emt 0:08:08]} 23. Nb3 {[%emt 0:06:17]} e5 {[%emt 0:01:32]} 24. Nc5 {[%emt 0:00:09]} Qe8 {[%emt 0:01:06]} 25. Nd3 {[%emt 0:00:44]} Re6 {[%emt 0:01:29]} 26. Ra7 {[%emt 0:01:32]} Ra8 {[%emt 0:00:45]} 27. Rxa8 {[%emt 0:00:42]} Qxa8 {[%emt 0:00:06]} 28. Nb4 {[%emt 0:00:59]} h5 {[%emt 0:01:11]} 29. Qc2 {[%emt 0:00:21]} Bh6 {[%emt 0:00:50]} 30. Qe2 {[%emt 0:01:40]} Rf6 {[%emt 0:00:33]} 31. Nec2 {[%emt 0:00:35]} c5 {[%emt 0:02:17]} 1/2-1/2

[Event "AUT Bundesliga 2019-20"]
[Site "Linz"]
[Date "2019.10.10"]
[Round "1.10"]
[White "Moser, Guenter"]
[Black "Henrichs, Thomas"]
[Result "0-1"]
[WhiteElo "2306"]
[BlackElo "2440"]
[Annotator "TA"]
[PlyCount "60"]
[EventDate "2019.10.10"]
[EventType "team-tourn"]
[EventCountry "AUT"]
[SourceTitle "playchess.com"]
[Source "ChessBase"]
[SourceQuality "1"]

{[%evp 18,60,0,-12,-16,-22,40,47,98,94,87,96,91,89,93,89,130,12,2,0,0,0,14,0,0,-6,0,0,-2,-8,0,-149,-141,-244,-247,-373,-381,-429,-425,-396,-417,-418,-418,-423,-418]} 1. d4 Nf6 2. c4 g6 3. Nc3 d5 4. Bf4 Bg7 5. e3 c5 6. dxc5 Qa5 7. Rc1 dxc4 8. Bxc4 O-O 9. Nf3 Qxc5 10. Qe2 Nc6 {D93: Grünfeld: 4 Nf3 Bg7 5 Bf4 0-0 6 e3} 11. O-O Nh5 (11... Bg4 $1 $11) 12. Bc7 $14 {And now Nd5 would win.} Na5 $146 ({Better is} 12... Nf6 $14) ({Predecessor:} 12... Be6 13. Bxe6 fxe6 14. Rfd1 Rac8 15. Bg3 Nxg3 16. hxg3 Qa5 17. Rd7 b5 18. Qxb5 Qxb5 19. Nxb5 Bxb2 {1-0 (29) Baramidze,D (2606)-Wagner,D (2445) Nuremberg 2012}) 13. Ne4 $16 Qf5 14. Bd3 Nc6 15. Nc5 Qf6 16. Be4 Qxb2 17. Qxb2 (17. Rc2 $16 Qf6 18. Rb1) 17... Bxb2 $11 18. Rb1 Ba3 19. Nxb7 Bd7 20. Na5 Rac8 21. Rb7 Nxa5 22. Bxa5 Nf6 23. Ne5 Be6 24. Bd3 (24. Bf3 $11) 24... Rc5 $36 {[%mdl 2048] Black is in control.} 25. Rb5 {[#]} (25. Bc7 $17 {is the only way for White.}) 25... Rfc8 $1 $19 {White must now prevent ...Rxb5.} 26. Rfb1 {[#]} (26. Nf3 $142) 26... a6 $1 27. Rb8 Rxb8 ({Don't play} 27... Rxa5 28. Nc6 $19) ({But not} 27... Rxe5 28. Rxc8+ Bxc8 29. Bc3 $19) 28. Rxb8+ Kg7 29. Be1 Rxe5 30. Bxa6 Rc5 {Accuracy: White = 54%, Black = 65%.} 0-1

[Event "AUT Bundesliga 2019-20"]
[Site "Linz"]
[Date "2019.10.10"]
[Round "1.11"]
[White "Schlosser, Philipp"]
[Black "Rogic, Davor"]
[Result "1/2-1/2"]
[WhiteElo "2514"]
[BlackElo "2492"]
[Annotator "TA"]
[PlyCount "63"]
[EventDate "2019.10.10"]
[EventType "team-tourn"]
[EventCountry "AUT"]
[SourceTitle "playchess.com"]
[Source "ChessBase"]
[SourceQuality "1"]

{[%evp 9,63,22,37,32,32,0,22,0,-6,4,-7,-7,6,0,0,0,0,0,0,0,0,0,-1,-14,0,-4,0,-7,0,0,0,-4,-6,-8,0,-20,-18,-29,-25,-16,-17,-19,0,0,0,0,11,9,1,0,3,0,0,0,3,0]} 1. Nf3 d5 2. g3 g6 3. Bg2 Bg7 4. d4 Nd7 (4... Nf6 5. O-O O-O 6. c4 c6 7. cxd5 cxd5 8. Ne5 Nc6 9. Nc3 e6 10. Nxc6 bxc6 11. Na4 Nd7 12. Bf4 Qa5 13. Rc1 Ba6 14. b3 Bb5 15. Re1 Bxa4 16. bxa4 Rfc8 17. e4 Qb4 18. Be3 Nb6 19. e5 Qxa4 20. Qb3 Qa6 {1-0 (53) Ding,L (2811)-Shankland,S (2705) chess.com INT 2019}) 5. O-O Ngf6 6. c4 {D02: 1 d4 d5 2 Nf3 sidelines, including 2...Nf6 3 g3 and 2...Nf6 3 Bf4} dxc4 7. Na3 Nb6 {[#]} 8. Nxc4 $1 {[%mdl 576] Decoy} Nxc4 9. Qa4+ {[%mdl 64] Double Attack} c6 {White must now prevent ...Nd6.} 10. Qxc4 Be6 11. Qa4 $146 ({Predecessor:} 11. Qb4 Qb6 12. Qa3 {½-½ (111) Sasikiran,K (2673)-Petrosyan,M (2565) Sitges 2018}) 11... Bd5 12. Bf4 O-O 13. Be5 Qb6 14. Qa3 Rfe8 15. e3 Bf8 16. Bxf6 exf6 17. Qc3 Rad8 18. Rfd1 c5 19. dxc5 Bxc5 20. Ne1 Bb4 21. Qc2 Be6 22. b3 Qa5 {aiming for ...Rxd1.} 23. Nf3 Bf5 24. Qe2 $1 Bc3 {Strongly threatening ...Bd3!The position is equal.} 25. Rac1 $1 b5 26. Nh4 $1 {[%cal Rh4f5]} Be6 27. Bc6 Rxd1+ 28. Rxd1 Rb8 $1 29. Bd7 Qb6 30. Bxe6 Qxe6 31. Ng2 Be5 32. Qd3 {Accuracy: White = 53%, Black = 81%.} 1/2-1/2

[Event "AUT Bundesliga 2019-20"]
[Site "Linz"]
[Date "2019.10.10"]
[Round "1.11"]
[White "Diermair, Andreas"]
[Black "Gstach, Jakob"]
[Result "1-0"]
[WhiteElo "2479"]
[BlackElo "2301"]
[Annotator "ChessBase"]
[PlyCount "71"]
[EventDate "2019.10.10"]
[EventType "team-tourn"]
[EventCountry "AUT"]
[SourceTitle "playchess.com"]
[Source "ChessBase"]
[SourceQuality "1"]
[TimeControl "40/5400+30:1800+30"]

1. d4 {[%emt 0:00:00]} Nf6 {[%emt 0:00:00]} 2. c4 {[%emt 0:00:16]} g6 {[%emt 0:00:00]} 3. Nc3 {[%emt 0:01:24]} Bg7 {[%emt 0:00:00]} 4. e4 {[%emt 0:00:13]} d6 {[%emt 0:00:01]} 5. f3 {[%emt 0:01:53]} O-O {[%emt 0:00:19]} 6. Be3 {[%emt 0:00:08]} c5 {[%emt 0:01:19]} 7. Nge2 {[%emt 0:02:53]} Nc6 {[%emt 0:05:20]} 8. d5 {[%emt 0:03:22]} Ne5 {[%emt 0:00:08]} 9. Ng3 {[%emt 0:00:15]} h5 {[%emt 0:01:09]} 10. Be2 {[%emt 0:02:40]} h4 {[%emt 0:00:27]} 11. Nf1 {[%emt 0:00:09]} e6 {[%emt 0:00:05]} 12. Bg5 {[%emt 0:03:50]} h3 {[%emt 0:10:37]} 13. Ne3 {[%emt 0:18:11]} hxg2 {[%emt 0:08:30]} 14. Rg1 {[%emt 0:00:14]} exd5 {[%emt 0:09:56]} 15. Nexd5 {[%emt 0:03:09]} Be6 {[%emt 0:19:20]} 16. Qd2 {[%emt 0:04:37]} Nc6 {[%emt 0:06:41]} 17. Rxg2 {[%emt 0:06:47]} Nd4 {[%emt 0:13:32]} 18. O-O-O {[%emt 0:04:09]} a6 {[%emt 0:05:19]} 19. Qe1 {[%emt 0:07:13]} Bxd5 {[%emt 0:01:50]} 20. Nxd5 {[%emt 0:01:59]} Ne6 {[%emt 0:00:39]} 21. Bh4 {[%emt 0:01:09]} Nxd5 {[%emt 0:04:11]} 22. Bxd8 {[%emt 0:04:39]} Ndf4 {[%emt 0:00:06]} 23. Bg5 {[%emt 0:08:13]} Nxg5 {[%emt 0:03:03]} 24. Rxg5 {[%emt 0:02:53]} Bh6 {[%emt 0:00:04]} 25. h4 {[%emt 0:00:58]} f6 {[%emt 0:00:17]} 26. Rxg6+ {[%emt 0:02:21]} Nxg6+ {[%emt 0:00:05]} 27. Kb1 {[%emt 0:01:20]} Rad8 {[%emt 0:02:43]} 28. Bf1 {[%emt 0:03:10]} b6 {[%emt 0:03:48]} 29. Bh3 {[%emt 0:02:40]} Nf4 {[%emt 0:01:09]} 30. Bg4 {[%emt 0:02:06]} Kf7 {[%emt 0:02:23]} 31. Qe3 {[%emt 0:01:22]} Rg8 {[%emt 0:01:23]} 32. Qb3 {[%emt 0:01:49]} Rb8 {[%emt 0:00:34]} 33. Rxd6 {[%emt 0:02:02]} Rgd8 {[%emt 0:00:05]} 34. Qd1 {[%emt 0:00:58]} Rxd6 {[%emt 0:01:17]} 35. Qxd6 {[%emt 0:00:03]} Rb7 {[%emt 0:00:19]} 36. e5 {[%emt 0:00:53]} 1-0

[Event "AUT Bundesliga 2019-20"]
[Site "Linz"]
[Date "2019.10.10"]
[Round "1.11"]
[White "Baenziger, Fabian"]
[Black "Mostbauer, Florian"]
[Result "1/2-1/2"]
[WhiteElo "2378"]
[BlackElo "2375"]
[Annotator "TA"]
[PlyCount "62"]
[EventDate "2019.10.10"]
[EventType "team-tourn"]
[EventCountry "AUT"]
[SourceTitle "playchess.com"]
[Source "ChessBase"]
[SourceQuality "1"]

{[%evp 17,62,11,32,18,23,24,17,8,16,20,21,20,29,29,25,17,16,-82,-86,-80,-77,-87,0,0,13,0,0,0,0,0,2,6,8,0,0,0,0,0,0,0,0,0,0,0,0,0,0]} 1. d4 d5 2. c4 c6 3. Nf3 Nf6 4. Nc3 dxc4 5. a4 Bf5 6. e3 e6 7. Bxc4 Bb4 8. O-O O-O 9. Qe2 Ne4 10. Ne5 {aiming for g4. D19: Slav Defence: 5 a4 Bf5 6 e3: Main line with 9 Qe2} (10. Nxe4 Bxe4 11. Nd2 Bg6 12. Nb3 Nd7 13. Bd2 Qe7 14. Na5 Rab8 15. Bxb4 Qxb4 16. Qe1 Qd6 17. b4 e5 18. Nb3 Bc2 19. Qc3 Bxb3 20. dxe5 Qxe5 21. Qxb3 {½-½ (31) Yu,Y (2721)-Najer,E (2683) Novi Sad 2016}) 10... Nd7 11. Nxd7 Qxd7 12. Na2 Ba5 13. f3 {Strongly threatening b4.} Nd6 14. Bb3 Bg6 15. e4 Kh8 $146 ({Predecessor:} 15... Qe7 16. Rd1 Bb6 17. Nc3 a5 {½-½ (46) Bucsa,I (2277)-Alascio Ruiz,J (2216) ICCF email 2017}) 16. Nc3 f5 {next ...fxe4 is good for Black.} 17. Bf4 (17. e5 $11 Ne8 18. Qf2) 17... fxe4 $17 18. fxe4 {[#]} Nxe4 $1 {[%mdl 512]} 19. Qe3 (19. Nxe4 Qxd4+) 19... Nxc3 (19... Bb6 $17 20. Rad1 Rad8) 20. bxc3 $11 {The position is equal.} Qe7 21. Be5 Bc7 22. Bxc7 Qxc7 23. Qxe6 Bd3 24. Rxf8+ $40 {[%mdl 128] White mounts an attack.} Rxf8 25. Bc4 (25. Qe5 {is more complex.} Qd8 26. Re1 Bg6 27. Qe7 Qb8 28. Qg5) 25... Bxc4 26. Qxc4 {[%mdl 4096] Endgame KQR-KQR} Qf4 27. Qe2 h6 28. Re1 b5 29. Qe3 Qc7 ({Much worse is} 29... bxa4 30. Qxf4 Rxf4 31. Re7 $16) 30. Qe7 Qf4 {( -> ...Qf2+)} 31. Qe3 (31. axb5 $2 {gets mated.} Qf2+ 32. Kh1 {[#]} Qf1+ $1 {[%mdl 576] Back Rank} 33. Rxf1 Rxf1#) 31... Qc7 {Accuracy: White = 72%, Black = 81%.} ({Reject} 31... bxa4 32. Qxf4 Rxf4 33. Re7 $16) 1/2-1/2

[Event "AUT Bundesliga 2019-20"]
[Site "Linz"]
[Date "2019.10.10"]
[Round "1.12"]
[White "Schneider-Zinner, Harald"]
[Black "Sebenik, Matej"]
[Result "1/2-1/2"]
[WhiteElo "2392"]
[BlackElo "2519"]
[Annotator "ChessBase"]
[PlyCount "105"]
[EventDate "2019.10.10"]
[EventType "team-tourn"]
[EventCountry "AUT"]
[SourceTitle "playchess.com"]
[Source "ChessBase"]
[SourceQuality "1"]
[TimeControl "40/5400+30:1800+30"]

1. d4 {[%emt 0:00:00]} Nf6 {[%emt 0:00:12]} 2. Nf3 {[%emt 0:00:07]} d5 {[%emt 0:02:20]} 3. c4 {[%emt 0:00:22]} e6 {[%emt 0:00:05]} 4. g3 {[%emt 0:00:59]} Bb4+ {[%emt 0:00:51]} 5. Bd2 {[%emt 0:00:38]} Be7 {[%emt 0:00:07]} 6. Qc2 {[%emt 0:01:27]} O-O {[%emt 0:00:13]} 7. Bg2 {[%emt 0:00:10]} c6 {[%emt 0:00:17]} 8. O-O {[%emt 0:00:29]} Nbd7 {[%emt 0:00:07]} 9. Rd1 {[%emt 0:01:35]} b6 {[%emt 0:00:15]} 10. cxd5 {[%emt 0:01:26]} cxd5 {[%emt 0:00:11]} 11. Nc3 {[%emt 0:01:05]} Bb7 {[%emt 0:01:10]} 12. Rac1 {[%emt 0:02:04]} a6 {[%emt 0:04:47]} 13. Bg5 {[%emt 0:04:21]} Rc8 {[%emt 0:05:40]} 14. Qb1 {[%emt 0:09:06]} b5 {[%emt 0:06:45]} 15. e3 {[%emt 0:05:13]} h6 {[%emt 0:20:09]} 16. Bxf6 {[%emt 0:00:23]} Bxf6 {[%emt 0:00:05]} 17. Ne2 {[%emt 0:04:19]} Qb6 {[%emt 0:04:10]} 18. Nf4 {[%emt 0:02:48]} b4 {[%emt 0:03:04]} 19. Rxc8 {[%emt 0:13:31]} Rxc8 {[%emt 0:00:09]} 20. Rc1 {[%emt 0:00:09]} Rc6 {[%emt 0:04:42]} 21. h4 {[%emt 0:07:23]} a5 {[%emt 0:03:24]} 22. Bf1 {[%emt 0:06:50]} a4 {[%emt 0:09:18]} 23. Rxc6 {[%emt 0:07:45]} Qxc6 {[%emt 0:04:14]} 24. Nd3 {[%emt 0:04:38]} Be7 {[%emt 0:00:19]} 25. Nfe5 {[%emt 0:01:00]} Nxe5 {[%emt 0:00:05]} 26. Nxe5 {[%emt 0:00:07]} Qc7 {[%emt 0:00:42]} 27. Bb5 {[%emt 0:04:46]} Bd6 {[%emt 0:02:45]} 28. Bxa4 {[%emt 0:08:26]} Bxe5 {[%emt 0:00:52]} 29. dxe5 {[%emt 0:00:08]} Qxe5 {[%emt 0:00:18]} 30. Bc2 {[%emt 0:09:35]} f5 {[%emt 0:06:33]} 31. Bb3 {[%emt 0:01:14]} Kh7 {[%emt 0:08:25]} 32. h5 {[%emt 0:01:13]} Bc6 {[%emt 0:03:42]} 33. a3 {[%emt 0:01:26]} bxa3 {[%emt 0:04:51]} 34. bxa3 {[%emt 0:00:00]} Qc3 {[%emt 0:00:10]} 35. a4 {[%emt 0:01:28]} Qb4 {[%emt 0:00:50]} 36. Qd3 {[%emt 0:00:54]} Bxa4 {[%emt 0:02:55]} 37. Bxd5 {[%emt 0:00:36]} Bb5 {[%emt 0:00:45]} 38. Qc2 {[%emt 0:00:11]} exd5 {[%emt 0:02:17]} 39. Qxf5+ {[%emt 0:00:01]} Kg8 {[%emt 0:00:10]} 40. Qxd5+ {[%emt 0:00:00]} Kh8 {[%emt 0:00:00]} 41. Qf5 {[%emt 0:06:29]} Qc4 {[%emt 0:02:06]} 42. e4 {[%emt 0:03:43]} Be8 {[%emt 0:10:00]} 43. g4 {[%emt 0:02:34]} Qf7 {[%emt 0:00:07]} 44. Qe5 {[%emt 0:04:38]} Bc6 {[%emt 0:00:18]} 45. Kg2 {[%emt 0:06:30]} Qe8 {[%emt 0:00:25]} 46. Qxe8+ {[%emt 0:00:11]} Bxe8 {[%emt 0:00:04]} 47. e5 {[%emt 0:00:25]} Kg8 {[%emt 0:18:16]} 48. f4 {[%emt 0:00:39]} Kf7 {[%emt 0:00:04]} 49. f5 {[%emt 0:00:12]} Ba4 {[%emt 0:00:06]} 50. Kg3 {[%emt 0:00:33]} Bd1 {[%emt 0:00:07]} 51. Kh4 {[%emt 0:00:34]} Bc2 {[%emt 0:00:18]} 52. Kg3 {[%emt 0:00:11]} Bd1 {[%emt 0:00:11]} 53. Kh4 1/2-1/2